| 000 | 01811nam a2200493 i 4500 | ||
|---|---|---|---|
| 001 | 9771 | ||
| 003 | KOSZ 005 | ||
| 005 | 20210301111956.0 | ||
| 008 | 020718s1978 pl a f |000 0 pol | ||
| 015 | _aUWD 1978/9293 | ||
| 035 | _a991018700099705066 | ||
| 035 | _a(PL-WaBN)b15070281-48omnis_nlop | ||
| 035 | _ab15070281 | ||
| 035 | _a(OCoLC)830320620 | ||
| 035 | _a(PL)b0000001507028 | ||
| 035 | _a(EXLNZ-48OMNIS_NETWORK)9910158221205606 | ||
| 040 |
_aWA N _cWA N _dWA N _dKOSZ 005/HR |
||
| 046 | _k1978 | ||
| 080 | _a63(438) | ||
| 080 | _a711.3(438) | ||
| 245 | 0 | 0 |
_aWpływ czynników społeczno-ekonomicznych na strukturę przestrzenną rolnictwa w Polsce : _bpraca zbiorowa / _cpod red. Jerzego Dietla i Bogdana Gregora. |
| 260 |
_aWarszawa : _bPaństwowe Wydaw. Naukowe, _c1978. |
||
| 300 |
_a182, [1] s. : _btab., mapy, wykr. ; _c24 cm. |
||
| 336 |
_aTekst _btxt _2rdacontent |
||
| 337 |
_aBez urządzenia pośredniczącego _bn _2rdamedia |
||
| 338 |
_aWolumin _bnc _2rdacarrier |
||
| 380 | _aKsiążki | ||
| 380 | _aPublikacje naukowe | ||
| 388 | _a1901-2000 | ||
| 388 | _a1945-1989 | ||
| 490 | 1 |
_aStudia / Polska Akademia Nauk. Komitet Przestrzennego Zagospodarowania Kraju, _x0079-3507 ; _vt. 61 |
|
| 504 | _aBibliogr. | ||
| 546 | _aStreszcz. ang., ros. | ||
| 650 | 7 |
_aRolnictwo _2DBN |
|
| 650 | 7 | _aPlanowanie przestrzenne | |
| 651 | 7 | _aPolska | |
| 658 | _aRolnictwo i leśnictwo | ||
| 700 | 1 |
_aDietl, Jerzy _d(1927-2021) _eRedakcja |
|
| 700 | 1 |
_aGregor, Bogdan _d(1943- ) _eRedakcja |
|
| 830 | 0 |
_aStudia - Polska Akademia Nauk. Komitet Przestrzennego Zagospodarowania Kraju _vt. 61 |
|
| 856 |
_uhttp://koha.tu.koszalin.pl/cgi-bin/koha/opac-detail.pl?biblionumber=9771 _yKatalog online BPK |
||
| 942 |
_2UKD _cKS |
||
| 999 |
_c9771 _d9771 |
||